| 000 | 00647cam a2200229 4500 | ||
|---|---|---|---|
| 001 | D7439 | ||
| 008 | 090401t1982 xxu||||| |||| 00| 0 eng d | ||
| 035 | _a(Sirsi) u7390 | ||
| 041 | _aeng | ||
| 050 | _a692.8 | ||
| 110 |
_aNational Joint Consultative Committee for Building _9994 |
||
| 245 | _aCode of procedure for two stage selective tendering | ||
| 260 |
_aLondon _bNJCC _c1982 |
||
| 300 | _a9p. ; 30cm | ||
| 350 | _a0 | ||
| 520 | _aSUPERSEDED - see J3578. | ||
| 650 |
_aBUILDING CONTROL _96222 |
||
| 650 | _aTWO STAGE SELECTIVE TENDERING | ||
| 690 | _aBUILT ENVIRONMENT-BUILDING CONTRACT FORMS | ||
| 942 | _n0 | ||
| 948 | _c04/03/1997 | ||
| 999 |
_c86409 _d86409 |
||